000 00524nam a2200193 a 4500
001 1765970623667
003 ACL
005 20251217165534.0
008 251217s2007##################000#0#eng##
020 _a9781580402859
082 0 4 _a641.56314
_bAME
100 1 _aAssociation, American Diabetes,
_eauthor.
245 1 0 _aThe Complete Quick and Hearty Diabetic Cookbook :
260 _bAmerican Diabetes Association,
_c2007.
300 _a290 pages
650 0 _aCooking.
942 _cENGLISH
040 _aACL
_beng
_cACL
999 _c603057
_d603057